000 00810cab a22002415a 4500
001 L159855
008 150113e2017 xxk 000 0 eng d
035 _a(Sirsi) u159855
041 0 _aeng
050 _a333.3307 $2 18
100 1 _aCraig, Ewan
245 0 0 _aTalk the talk
_h[electronic resource]
260 _aLondon
_bRICS
_c2017
490 _aRICS Building Surveying Journal
_vJuly - August 2017, 21(1)
520 _aOffers guidance on communication and negotiation which are mandatory competencies for building surveying.
650 2 4 _aCOMPETENCIES
651 4 _aUnited Kingdom
_y
690 _aAPC
_96216
690 _aBuilding surveying
_96225
856 4 0 _uhttps://issuu.com/ricsmodus/docs/building_surveying_journal_july___a
_z
_yAvailable free online via Issuu
856 4 0 _u
_z
942 _n0
999 _c85018
_d85018